Thomas Merton, monk; (Record no. 588583)
[ view plain ]
| 000 -LEADER | |
|---|---|
| fixed length control field | 01273cam a2200277 4500 |
| 001 - CONTROL NUMBER | |
| control field | 4095416 |
| 003 - CONTROL NUMBER IDENTIFIER | |
| control field | NUST |
| 005 - DATE AND TIME OF LATEST TRANSACTION | |
| control field | 20220305140116.0 |
| 008 - FIXED-LENGTH DATA ELEMENTS--GENERAL INFORMATION | |
| fixed length control field | 740925s1974 nyua b 000 0beng |
| 010 ## - LIBRARY OF CONGRESS CONTROL NUMBER | |
| LC control number | 74001533 |
| 020 ## - INTERNATIONAL STANDARD BOOK NUMBER | |
| International Standard Book Number | 0385112440 |
| 038 ## - RECORD CONTENT LICENSOR | |
| Staff Name | waseem |
| 040 ## - CATALOGING SOURCE | |
| Original cataloging agency | DLC |
| Transcribing agency | DLC |
| Modifying agency | DLC |
| 082 00 - DEWEY DECIMAL CLASSIFICATION NUMBER | |
| Classification number | 271.12502 |
| Author Mark | THO |
| 245 10 - TITLE STATEMENT | |
| Title | Thomas Merton, monk; |
| Remainder of title | a monastic tribute. |
| Statement of responsibility, etc. | by Brother Patrick Hart |
| 260 ## - PUBLICATION, DISTRIBUTION, ETC. | |
| Place of publication, distribution, etc. | New York : |
| Name of publisher, distributor, etc. | Image Books |
| Date of publication, distribution, etc. | 1976. |
| 300 ## - PHYSICAL DESCRIPTION | |
| Extent | 232p. ; |
| Dimensions | 18 cm. |
| 505 0# - FORMATTED CONTENTS NOTE | |
| Formatted contents note | Kelty, M. The man.--Bamberger, J. E. The monk.--Lentfoehr, T. The solitary.--Steindl-Rast, D. Man of prayer.--Ryan, P. Two poems.--Leclercq, J. The evolving monk.--Lentfoehr, T. The spiritual writer.--Dumont, C. The contemplative.--Fox, J. The spiritual son.--Cameron-Brown, A. Zen Master.--Conner, T. Monk of renewal.--Saword, A. A nun's tribute.--Lentfoehr, T. Two poems.--Hart, P. The ecumenical monk.--Burns, F. Epilogue: A homily.--Bibliography (p. 225-228) |
| 563 ## - BINDING INFORMATION | |
| Binding note | PBK. |
| 600 10 - SUBJECT ADDED ENTRY--PERSONAL NAME | |
| Personal name | Merton, Thomas, |
| Dates associated with a name | 1915-1968. |
| 9 (RLIN) | 90246 |
| 610 20 - SUBJECT ADDED ENTRY--CORPORATE NAME | |
| Corporate name or jurisdiction name as entry element | Trappists |
| Geographic subdivision | United States |
| General subdivision | Biography. |
| 9 (RLIN) | 90247 |
| 650 #0 - SUBJECT ADDED ENTRY--TOPICAL TERM | |
| Topical term or geographic name entry element | Monks |
| Geographic subdivision | United States |
| General subdivision | Biography. |
| 9 (RLIN) | 90248 |
| 700 ## - ADDED ENTRY--PERSONAL NAME | |
| Personal name | by Brother Patrick Hart |
| 9 (RLIN) | 90245 |
| 906 ## - LOCAL DATA ELEMENT F, LDF (RLIN) | |
| a | 7 |
| b | cbc |
| c | orignew |
| d | 2 |
| e | ocip |
| f | 19 |
| g | y-gencatlg |
| 942 ## - ADDED ENTRY ELEMENTS (KOHA) | |
| Source of classification or shelving scheme | |
| Koha item type | Book |
| Withdrawn status | Lost status | Source of classification or shelving scheme | Damaged status | Not for loan | Permanent Location | Current Location | Date acquired | Source of acquisition | Total Checkouts | Full call number | Barcode | Date last seen | Price effective from | Koha item type |
|---|---|---|---|---|---|---|---|---|---|---|---|---|---|---|
| Central Library (CL) | Central Library (CL) | 03/05/2022 | Donated by Student Affairs NUST | 271.12502 THO | CL-D-1526 | 03/05/2022 | 03/05/2022 | Book |
